| 000 | 01186cam a2200193 i 4500 | ||
|---|---|---|---|
| 005 | 20251108165540.0 | ||
| 008 | 250721s1995 le gr 000 0 ara d | ||
| 082 | 1 | 4 |
_a212 _bب خ ا |
| 100 | 1 |
_a صديق حسنخان، ابو الطيب محمد بن علي بن حسين بن علي البخاري _eمؤلف. |
|
| 245 | 1 | 0 |
_aفتح البيان في مقاصد القرآن : _bتفسير سلفي آثري خال من الإسرئيليات و الجدليات المذهبية و الكلامية / _cتأليف الاسيد الامام العلامة الملك المؤيد من الله البارى أبي الطيب صديق بن الحسن بن علي الحسين القنوجي البخاري ؛ عني بطبعه و قدم له و راجعه خادم العلم عبدالله بن ابراهيم الانصاري. |
| 250 | _aالطبعة الثانية . | ||
| 264 | 1 |
_aبيروت : _bالمكتبة العصرية، _c1995. |
|
| 300 | _a15 جزء | ||
| 650 | 1 | 7 | _aالقرآن الكريم. |
| 650 | 1 | 7 | _aتفسير القرآن. |
| 700 | 1 |
_aالأنصاري، عبد الله بن إبراهيم _eتحقيق. |
|
| 942 |
_2ddc _cREF |
||
| 999 |
_c30530 _d30530 |
||